Statistiques concernant Footballeurs en P (par images).

Cliquez ici pour prendre le quiz!

Statistiques générales

  • Ce quiz a été pris 304 fois
  • Le résultat moyen est 15 sur 20

Statistiques - réponses

Réponse% Correct
Paul Pogba
100%
Pelé
99%
Benjamin Pavard
98%
Dimitri Payet
97%
Gérard Piqué
96%
Michel Platini
96%
Pepe
96%
Carles Puyol
94%
Emmanuel Petit
89%
Andrea Pirlo
87%
Ferenc Puskás
75%
Pauleta
74%
Pedro
73%
Robert Pirès
73%
Javier Pastore
72%
Jean-Pierre Papin
71%
Alexandre Pato
59%
Lukas Podolski
57%
Claudio Pizarro
15%
Daniel Passarella
9%

Distribution des résultats

Percentile par nombre de réponses

% des personnes avec chaque résultat

Votre développement - résultats

Vous n’avez pas pris ce quiz